[Event "Titled Tue 17th Jun Early"]
[Site "chess.com INT"]
[Date "2025.06.17"]
[Round "6"]
[White "Kholyavko, Mariya"]
[Black "Mompel Ferruz, Xavier"]
[Result "1-0"]
[WhiteTitle "WFM"]
[BlackTitle "FM"]
[WhiteElo "2175"]
[BlackElo "2342"]
[WhiteFideId "13748505"]
[BlackFideId "54585775"]
[EventDate "2025.06.17"]

1. d4 d5 2. Bf4 Nf6 3. Nf3 c5 4. e3 Nc6 5. h4 Qb6 6. b3 Bf5 7. c3 e6 8. Nbd2 Rc8
9. Ne5 cxd4 10. exd4 Nxd4 11. cxd4 Qxd4 12. Bg3 Bc2 13. Nef3 Qc3 14. Be5 Bxd1
15. Bxc3 Bxf3 16. Bxf6 gxf6 17. Bb5+ Kd8 18. Nxf3 Rc2 19. O-O Ba3 20. Bd3 Rc3
21. Rfd1 Ke7 22. Nd4 a6 23. Rab1 Rhc8 24. Ne2 R3c7 25. b4 f5 26. Rb3 Bc1 27. Nd4
Bh6 28. Kf1 Rc1 29. Rxc1 Rxc1+ 30. Ke2 Ra1 31. a3 Bg7 32. Nc2 Rh1 33. g3 Kf6 34.
Rc3 e5 35. Ne3 d4 36. Nd5+ Ke6 37. Rc5 Bf8 38. Nc7+ Kd7 39. Bxf5+ Kd6 40. Be4
Ra1 41. Rc2 Rxa3 42. Bxb7 Kd7 43. Nxa6 Bd6 44. Nc5+ Bxc5 45. bxc5 d3+ 46. Kd2
dxc2 47. Kxc2 Ra2+ 48. Kd3 Rxf2 49. Be4 f5 50. Ke3 Rf1 51. Ke2 Rg1 52. Bxf5+ Kc6
53. g4 Kxc5 54. Kf2 Rh1 55. h5 h6 56. Ke3 Kd5 57. Be4+ Ke6 58. Bxh1 Kf6 59. Bf3
Kg5 60. Ke4 1-0

[Event "Titled Tue 17th Jun Early"]
[Site "chess.com INT"]
[Date "2025.06.17"]
[Round "6"]
[White "Bolashakov, Nurali"]
[Black "Dogan, Umut Anil"]
[Result "0-1"]
[WhiteTitle "CM"]
[BlackTitle "CM"]
[WhiteElo "2242"]
[BlackElo "2060"]
[WhiteFideId "13792105"]
[BlackFideId "51618060"]
[EventDate "2025.06.17"]

1. e4 Nc6 2. Nf3 d6 3. d4 Bg4 4. d5 Nb8 5. Nc3 Nf6 6. h3 Bh5 7. Be2 c6 8. Be3
Nbd7 9. O-O Bxf3 10. Bxf3 g6 11. Bd4 Bg7 12. Re1 O-O 13. Qd2 c5 14. Be3 a6 15.
a4 Qc7 16. a5 Rfb8 17. b3 b5 18. axb6 Nxb6 19. Reb1 Nfd7 20. Be2 c4 21. b4 e6
22. dxe6 fxe6 23. Rd1 Nc8 24. Bg4 Nf8 25. Bd4 Rxb4 26. Nd5 exd5 27. Qxb4 Rb8 28.
Qc3 h5 29. Bxg7 Qxg7 30. Qxg7+ Kxg7 31. Bxc8 Rxc8 32. Rxd5 Rc6 33. g3 Kf6 34. f4
Ne6 35. Rad1 Ke7 36. e5 dxe5 37. Rxe5 Kf6 38. Rdd5 h4 39. Kg2 hxg3 40. Kxg3 Ng7
41. Rc5 Nf5+ 42. Kf2 Rd6 43. Red5 Rb6 44. Rxc4 Ne7 45. Rdc5 Rb1 46. Rd4 Rh1 47.
Rd6+ Kf7 48. Rc7 Rh2+ 49. Kf3 Rxh3+ 50. Kf2 Rh2+ 51. Ke1 Rh1+ 52. Kd2 Rh2+ 53.
Kd3 Rh3+ 54. Kc4 Rh4 55. Rxa6 Rxf4+ 56. Kd3 Rf3+ 57. Ke2 Rf5 58. Raa7 Re5+ 59.
Kf3 Kf6 60. c4 Nf5 61. c5 Re3+ 0-1

[Event "Titled Tue 17th Jun Early"]
[Site "chess.com INT"]
[Date "2025.06.17"]
[Round "6"]
[White "Jaiveer, Mahendru"]
[Black "Vihaan Dumir"]
[Result "1-0"]
[WhiteTitle "FM"]
[BlackTitle "CM"]
[WhiteElo "2217"]
[BlackElo "2230"]
[WhiteFideId "25611151"]
[BlackFideId "25901010"]
[EventDate "2025.06.17"]

1. d4 Nf6 2. Nf3 e6 3. e3 d5 4. Nbd2 Bd6 5. c4 O-O 6. Bd3 c5 7. O-O Nc6 8. b3 b6
9. Bb2 Bb7 10. Rc1 Qe7 11. Qe2 cxd4 12. exd4 Ba3 13. Bxa3 Qxa3 14. Bb1 Qe7 15.
Rfe1 Rac8 16. Qd3 dxc4 17. Nxc4 Nb4 18. Qe2 Nbd5 19. h3 Rfd8 20. Qd2 Ba8 21.
Nfe5 b5 22. Ne3 Nf4 23. Rxc8 Rxc8 24. Nf5 Nxh3+ 25. gxh3 Qb7 26. f3 exf5 27.
Bxf5 Rd8 28. Qf4 Qb6 29. Rd1 Bd5 30. Rd2 a5 31. Kh2 Be6 32. Be4 Nxe4 33. Qxe4
Qd6 34. Kg2 Bd5 35. Qf4 f6 36. Nd3 Qxf4 37. Nxf4 Bf7 38. Kf2 Kf8 39. Ke3 Ke7 40.
Nd3 Kd6 41. Nc5 Re8+ 42. Kf4 Bd5 43. h4 Re1 44. Rf2 Rh1 45. Kg3 Rd1 46. Re2 Rxd4
47. Na6 Bb7 48. Nb8 Kc7 49. Re8 Rd8 50. Re7+ Kxb8 51. Rxg7 Rd3 52. Rxh7 Rxf3+
53. Kg4 Rf2 54. Rh8+ Ka7 55. Rf8 Rxa2 56. h5 Rh2 57. Rxf6 a4 58. bxa4 bxa4 59.
Rf4 1-0

[Event "Titled Tue 17th Jun Early"]
[Site "chess.com INT"]
[Date "2025.06.17"]
[Round "6"]
[White "Sharapov, Yevhen"]
[Black "Lagarde, Maxime"]
[Result "0-1"]
[WhiteTitle "GM"]
[BlackTitle "GM"]
[WhiteElo "2375"]
[BlackElo "2621"]
[WhiteFideId "14103133"]
[BlackFideId "662399"]
[EventDate "2025.06.17"]

1. e4 d5 2. exd5 Qxd5 3. Nc3 Qa5 4. d4 Nf6 5. Nf3 Bg4 6. h3 Bh5 7. g4 Bg6 8. Ne5
e6 9. Bg2 c6 10. Nxg6 hxg6 11. O-O Nbd7 12. Bd2 Qc7 13. Qf3 Be7 14. Rfe1 O-O 15.
Ne2 a5 16. Ng3 a4 17. a3 Qb6 18. Bc3 Nd5 19. Ne4 N7f6 20. Nxf6+ Bxf6 21. Rad1
Be7 22. Qd3 Nf4 23. Qe4 Nxg2 24. Kxg2 Rfd8 25. f4 Rd5 26. Rf1 Qb5 27. Qd3 Rad8
28. Qxb5 cxb5 29. Rd3 Rc8 30. Kf3 Rc4 31. Rfd1 f5 32. g5 Kf7 33. Ke3 Bd8 34.
R1d2 Bb6 35. Bb4 e5 36. fxe5 Rxe5+ 37. Kf3 Re4 38. Bc5 Bxc5 39. dxc5 Rxc5 40.
Rd7+ Re7 41. R7d5 Rec7 42. Rxc5 Rxc5 43. Rd7+ Ke6 44. Rxg7 Rxc2 45. Rxg6+ Ke5
46. h4 Rxb2 47. h5 b4 48. axb4 a3 49. Rg8 Rb3+ 50. Kg2 Kf4 51. g6 Rg3+ 52. Kh2
Rg5 53. g7 Rxh5+ 54. Kg2 Rg5+ 55. Kf2 a2 56. Ra8 Rxg7 57. Rxa2 Rc7 58. Ra7 Rc2+
59. Ke1 Ke3 60. Kd1 Rd2+ 61. Kc1 Rd7 62. Ra8 f4 63. Re8+ Kf2 64. b5 f3 65. b6
Kg2 66. Rg8+ Kf1 67. Rc8 f2 68. Rc7 Ke2 69. Rxd7 f1=Q+ 70. Kb2 Qf6+ 71. Ka3 Qxb6
72. Re7+ Kd3 73. Rd7+ Kc3 0-1

[Event "Titled Tue 17th Jun Early"]
[Site "chess.com INT"]
[Date "2025.06.17"]
[Round "6"]
[White "Martinez Alcantara, Jose Eduardo"]
[Black "Xiong, Jeffery"]
[Result "0-1"]
[WhiteTitle "GM"]
[BlackTitle "GM"]
[WhiteElo "2611"]
[BlackElo "2639"]
[WhiteFideId "3805662"]
[BlackFideId "2047640"]
[EventDate "2025.06.17"]

1. c4 e6 2. Nf3 d5 3. g3 d4 4. Bg2 Nc6 5. O-O Nh6 6. d3 Nf5 7. e4 dxe3 8. fxe3
h5 9. Bh1 e5 10. Qe2 Be6 11. Nc3 h4 12. g4 Nd6 13. h3 e4 14. Nxe4 Nxe4 15. dxe4
Qd6 16. b3 O-O-O 17. Bb2 Qg3+ 18. Qg2 Bc5 19. Rae1 f6 20. Qxg3 hxg3 21. Kg2 Rd3
22. Bd4 Bd6 23. Rd1 Rxd1 24. Rxd1 b6 25. Bc3 a5 26. a4 Bd7 27. Be1 Nd8 28. Bxg3
Bxg3 29. Kxg3 Ne6 30. e5 Nc5 31. exf6 gxf6 32. Nd4 Re8 33. Kf2 Rg8 34. Bf3 Be8
35. Nb5 c6 36. Nd4 Kc7 37. h4 Bd7 38. h5 Rg5 39. Rh1 Nd3+ 40. Ke2 Ne5 41. h6 Rg8
42. Nf5 Rh8 43. Kf2 Nf7 44. Kg3 Bxf5 45. gxf5 Rxh6 46. Rxh6 Nxh6 47. Kf4 Kd6 48.
Be2 Nf7 49. Ke4 Kc5 50. Kd3 Kb4 51. Kc2 Nd6 52. Bd3 Nb7 53. Kb2 Nc5 54. Bc2 Nd7
55. Be4 Ne5 56. Kc2 Kc5 57. Kc3 Ng4 58. Kd3 Nf2+ 59. Kc3 Nxe4+ 60. Kd3 Nf2+ 61.
Ke2 Ng4 62. Kd3 Kd6 63. Ke4 Ne5 64. Kd4 Nd7 65. Ke4 Nc5+ 66. Kd4 Nxb3+ 67. Kc3
Nc5 68. Kd4 Nxa4 69. e4 Nc5 70. e5+ fxe5+ 71. Ke3 Nd7 72. Kd2 Nf6 73. Kc1 Kc5
74. Kb1 Kxc4 75. Ka1 Kc3 76. Kb1 e4 77. Ka1 e3 78. Kb1 e2 79. Ka2 e1=Q 0-1

[Event "Titled Tue 17th Jun Early"]
[Site "chess.com INT"]
[Date "2025.06.17"]
[Round "6"]
[White "Papaioannou, Dimitrios"]
[Black "Stribuk, Artiom"]
[Result "0-1"]
[WhiteTitle "CM"]
[BlackTitle "IM"]
[WhiteElo "2206"]
[BlackElo "2460"]
[WhiteFideId "25865137"]
[BlackFideId "13515659"]
[EventDate "2025.06.17"]

1. Nf3 d5 2. d4 Nf6 3. c4 c6 4. Nc3 e6 5. g3 Nbd7 6. Bg2 dxc4 7. O-O Bb4 8. a4
a5 9. Qc2 O-O 10. Rd1 Qe7 11. Ne5 Nxe5 12. dxe5 Nd7 13. Bf4 g5 14. Ne4 gxf4 15.
Rxd7 Bxd7 16. Nf6+ Qxf6 17. exf6 e5 18. Qxc4 Rae8 19. Rd1 Bf5 20. Be4 Bg6 21.
Rd7 Re6 22. Bxg6 hxg6 23. Rxb7 Rxf6 24. Kg2 Kg7 25. Rc7 Rd8 26. Rxc6 Rxc6 27.
Qxc6 fxg3 28. hxg3 Rd2 29. Qe4 Kf6 30. b3 Rb2 31. Qd5 Rd2 32. Qc6+ Rd6 33. Qf3+
Kg7 34. Qe4 Kf6 35. f4 exf4 36. gxf4 Re6 37. Qd4+ Ke7 38. e4 Rd6 39. Qe5+ Kf8
40. Qb5 Rd2+ 41. Kf3 Rc2 42. Kg4 Rg2+ 43. Kf3 Rc2 44. f5 gxf5 45. exf5 Rc3+ 46.
Kg4 Rc5 47. Qb6 Ke7 48. f6+ Kd7 49. Qb7+ Rc7 50. Qd5+ Ke8 51. Qe5+ Kd8 52. Qd4+
Rd7 53. Qb6+ Kc8 54. Kh5 Rb7 55. Qc6+ Rc7 56. Qa8+ Kd7 57. Kh6 Ke6 58. Kg7 Bc3
59. Qe8+ Kf5 60. Qd8 Rc6 61. Qd3+ Ke5 62. Qe3+ Kd5 63. Qf3+ Kd6 64. Kf8 Kc7 65.
Qf4+ Kb7 66. Qe4 Bxf6 67. Kxf7 Bc3 68. Qe7+ Rc7 69. Ke6 Rxe7+ 70. Kxe7 Kc6 71.
Ke6 Kc5 72. Kf5 Kb4 73. Ke4 Kxb3 74. Kd3 Bb4 75. Ke4 Kxa4 76. Kd3 Kb3 77. Kd4 a4
78. Kd5 a3 79. Kc6 a2 80. Kb5 a1=Q 81. Kc6 Qe5 0-1

[Event "Titled Tue 17th Jun Early"]
[Site "chess.com INT"]
[Date "2025.06.17"]
[Round "6"]
[White "Srihari, L"]
[Black "Asensio Ramos, Enrique Fernando"]
[Result "1-0"]
[WhiteTitle "IM"]
[BlackTitle "CM"]
[WhiteElo "2353"]
[BlackElo "2200"]
[WhiteFideId "46642056"]
[BlackFideId "2214172"]
[EventDate "2025.06.17"]

1. c4 e5 2. Nc3 Nf6 3. d3 h6 4. g3 c6 5. Bg2 d5 6. e3 d4 7. exd4 exd4 8. Ne4
Bb4+ 9. Bd2 Qe7 10. Ne2 Nxe4 11. Bxe4 O-O 12. O-O Re8 13. Nxd4 Bxd2 14. Qxd2 Bh3
15. Rfe1 Qd8 16. Qc3 Na6 17. Bf5 Rxe1+ 18. Rxe1 c5 19. Ne6 fxe6 20. Bxh3 Qd4 21.
Bxe6+ Kh8 22. Qxd4 cxd4 23. Bd5 Nc5 24. Rd1 a5 25. b3 Re8 26. Kf1 b6 27. f3 g6
28. Be4 Kg7 29. Rb1 Na6 30. a3 Kf6 31. b4 axb4 32. axb4 Nc7 33. Ra1 Re6 34. Ra7
Ne8 35. c5 bxc5 36. bxc5 Ke5 37. c6 Kd6 38. Rd7+ Ke5 39. c7 Nxc7 40. Rxc7 Ra6
41. Rc5+ Kd6 42. Rd5+ Ke6 43. Rxd4 Ra2 44. Kg1 Rb2 45. Rc4 g5 46. d4 Rd2 47.
Rc6+ Kd7 48. d5 h5 49. Rh6 h4 50. gxh4 gxh4 51. Rxh4 Kd6 52. Rh6+ Ke5 53. d6 Kf4
54. Bc6 Kg5 55. Re6 Kf5 56. Bd7 Kf4 57. Rf6+ Ke5 58. Re6+ Kf4 59. Be8 Kxf3 60.
Rf6+ Ke3 61. d7 Ke4 62. h4 Ke5 63. Rc6 Rd4 64. Rc8 Rg4+ 65. Kf2 Rf4+ 66. Kg3 Rf1
67. d8=Q Rd1 68. Qxd1 Kf6 69. Rc6+ Ke7 70. Qd7+ Kf8 71. Qf7# 1-0

[Event "Titled Tue 17th Jun Early"]
[Site "chess.com INT"]
[Date "2025.06.17"]
[Round "6"]
[White "Masague Artero, Guerau"]
[Black "Bulgak, Damir"]
[Result "1-0"]
[WhiteTitle "FM"]
[BlackTitle "CM"]
[WhiteElo "2326"]
[BlackElo "2213"]
[WhiteFideId "32098952"]
[BlackFideId "13528882"]
[EventDate "2025.06.17"]

1. e4 c5 2. d4 cxd4 3. Qxd4 Nc6 4. Qe3 Nf6 5. Nc3 g6 6. Nf3 d6 7. h3 Bg7 8. Bc4
O-O 9. O-O a6 10. Qf4 Qc7 11. Bb3 b5 12. Qh4 Bb7 13. Bh6 Ne5 14. Ng5 b4 15. f4
Qc5+ 16. Kh1 Ned7 17. Nd5 Bxd5 18. Bxd5 Rac8 19. Bxg7 Kxg7 20. Bxf7 Qxc2 21. Bb3
Qxb2 22. Ne6+ Kh8 23. Nxf8 Rxf8 24. Rac1 Nxe4 25. Qxe7 Ng3+ 26. Kg1 Nxf1 27.
Rxf1 Qd4+ 28. Kh1 Qg7 29. Qxd6 Nf6 30. Qxa6 Nh5 31. Rf3 Nxf4 32. Qd6 Qh6 33.
Qd4+ Qg7 34. Rxf4 Rxf4 35. Qxf4 Qe7 36. Kh2 Kg7 37. Qd4+ Kh6 38. Qf4+ Kg7 39. h4
h5 40. Qd4+ Kh6 41. Qd2+ Kg7 42. Qf4 Qd7 43. Qe5+ Kh7 44. Be6 Qa7 45. Qd6 Qg7
46. Qd7 Kh8 47. Qxg7+ Kxg7 48. Kg3 Kf6 49. Bb3 Ke5 50. Kf3 Kf5 51. g3 Ke5 52.
Bf7 Kf5 53. Be8 Kf6 54. Kf4 Kg7 55. Kg5 Kh7 56. Bxg6+ Kg7 57. Bxh5 Kh7 58. Bd1
Kg7 59. Bb3 Kh7 60. g4 Kg7 61. h5 Kh7 62. Kf4 Kg7 63. Ke4 Kh6 64. Kd4 Kg5 65.
Kc4 Kxg4 66. h6 Kf5 67. h7 Ke5 68. h8=Q+ Kd6 69. Qd4+ Kc7 70. Qc5+ Kd7 71. Kxb4
Ke8 72. Kc4 Kf7 73. a4 Ke8 74. a5 Kd7 75. a6 Ke6 76. a7 Kd7 77. a8=Q Ke6 78.
Qa6+ Kd7 79. Qb7+ Ke6 80. Qbe7# 1-0

[Event "Titled Tue 17th Jun Early"]
[Site "chess.com INT"]
[Date "2025.06.17"]
[Round "6"]
[White "Piesik, Piotr"]
[Black "Ter-Sahakyan, Samvel"]
[Result "1/2-1/2"]
[WhiteTitle "IM"]
[BlackTitle "GM"]
[WhiteElo "2436"]
[BlackElo "2611"]
[WhiteFideId "1136194"]
[BlackFideId "13302531"]
[EventDate "2025.06.17"]

1. b3 e5 2. Bb2 Nc6 3. e3 d5 4. Bb5 Ne7 5. Ne2 a6 6. Bxc6+ Nxc6 7. O-O Bd6 8. f4
O-O 9. fxe5 Nxe5 10. Nf4 c6 11. Nc3 Ng6 12. Nce2 Bg4 13. Qe1 Bxe2 14. Nxe2 f5
15. Nd4 Qd7 16. Qe2 f4 17. Qh5 Rae8 18. Rae1 Re5 19. Qd1 Re4 20. d3 Rxe3 21.
Rxe3 fxe3 22. Rxf8+ Bxf8 23. Ne2 c5 24. d4 Qf5 25. dxc5 Bxc5 26. Kh1 h6 27. Ng3
Qe6 28. Qf3 Kh7 29. h3 b5 30. Ne2 b4 31. Kg1 a5 32. Kf1 Ne5 33. Qf4 Nc6 34. Ke1
Be7 35. Nd4 Nxd4 36. Bxd4 Bg5 37. Qf3 Qc6 38. Qf5+ Kg8 39. Ke2 Qa6+ 40. Qd3 Qc6
41. Bxe3 Bxe3 42. Kxe3 d4+ 43. Kf2 Kf7 44. Qf5+ Qf6 45. Qxf6+ Kxf6 46. Ke2 Ke5
47. Kd3 Kf4 48. Kxd4 Kg3 49. c4 bxc3 50. Kxc3 Kxg2 51. b4 axb4+ 52. Kxb4 Kxh3
53. a4 g5 54. a5 g4 55. a6 g3 56. a7 g2 57. a8=Q g1=Q 58. Qf3+ Qg3 59. Qh1+ Qh2
60. Qf3+ Kh4 61. Qf6+ Kh5 62. Qf5+ Kh4 63. Qf6+ Kg4 64. Qg6+ Kf3 65. Qd3+ Kg4
66. Qg6+ Kf3 67. Qd3+ Kf2 68. Qd2+ Kg1 69. Qe1+ Kg2 70. Qe2+ Kh3 71. Qh5+ Kg3
72. Qe5+ Kg2 73. Qe2+ Kh1 74. Qf1+ Qg1 75. Qh3+ Qh2 76. Qf1+ Qg1 77. Qh3+ Qh2
78. Qf1+ 1/2-1/2

[Event "Titled Tue 17th Jun Early"]
[Site "chess.com INT"]
[Date "2025.06.17"]
[Round "6"]
[White "Lisenkov, Svyatoslav"]
[Black "Jasinski, Alexander"]
[Result "1/2-1/2"]
[WhiteTitle "CM"]
[WhiteElo "2283"]
[BlackElo "1989"]
[WhiteFideId "34264183"]
[BlackFideId "55627994"]
[EventDate "2025.06.17"]

1. e4 c5 2. Nf3 d6 3. d4 cxd4 4. Nxd4 Nf6 5. Nc3 Nc6 6. Rg1 h5 7. h3 g6 8. g4
Bg7 9. Be2 Be6 10. Nxe6 fxe6 11. gxh5 Nxh5 12. Rxg6 Bxc3+ 13. bxc3 Nf6 14. Rh6
Rxh6 15. Bxh6 Qa5 16. Qd3 Kd7 17. Bd2 Rh8 18. Bf1 Qe5 19. Bg2 Qh2 20. Qg3 Qg1+
21. Bf1 Qxg3 22. fxg3 Nxe4 23. g4 Ne5 24. Bg2 Nxd2 25. Kxd2 b6 26. Rf1 d5 27.
Rf4 Kd6 28. g5 Rh5 29. h4 Ng6 30. Rg4 Rxh4 31. Rg3 Rf4 32. Ke3 Rc4 33. Kd2 e5
34. Bf1 Rc8 35. Be2 Rg8 36. Rh3 Nf4 37. Rh6+ e6 38. Rh7 Nxe2 39. Kxe2 Rxg5 40.
Rxa7 Rg3 41. Kd2 Kc5 42. Rc7+ Kd6 43. Rb7 Kc6 44. Re7 Rg2+ 45. Kc1 Rg6 46. Kd2
e4 47. Ke3 Kc5 48. Rc7+ Kd6 49. Rb7 Kc6 50. Re7 Rg3+ 51. Kd4 Kd6 52. Re8 e3 53.
Kd3 e5 54. Rd8+ Ke6 55. Rb8 e4+ 56. Ke2 Rg2+ 57. Kxe3 Rxc2 58. Kd4 Rxa2 59.
Rxb6+ Kd7 60. Kxd5 e3 61. Rd6+ Kc7 62. Re6 e2 63. c4 Rd2+ 64. Kc5 Ra2 65. Re7+
Kd8 66. Re3 Kd7 67. Kd5 Rd2+ 68. Kc5 Kc7 69. Re4 Kb7 70. Re7+ Ka6 71. Kc6 Ka5
72. c5 Kb4 73. Kb6 Kc4 74. c6 Rb2+ 75. Ka7 Ra2+ 76. Kb8 Rb2+ 77. Ka8 Kd3 78. c7
Rc2 79. Rd7+ Ke3 80. Re7+ Kf2 81. Kb8 Rb2+ 82. Ka8 Rc2 83. Kb8 Rxc7 84. Kxc7
e1=Q 85. Rxe1 Kxe1 1/2-1/2

[Event "Titled Tue 17th Jun Early"]
[Site "chess.com INT"]
[Date "2025.06.17"]
[Round "6"]
[White "Leiva, Gianmarco"]
[Black "Shevchenko, Yaroslav"]
[Result "0-1"]
[WhiteTitle "IM"]
[WhiteElo "2387"]
[BlackElo "2179"]
[WhiteFideId "3804399"]
[BlackFideId "34144684"]
[EventDate "2025.06.17"]

1. e4 c5 2. Nf3 e6 3. g3 Nc6 4. Bg2 Nf6 5. Qe2 d5 6. exd5 Nxd5 7. O-O Be7 8. Rd1
Bf6 9. Nc3 Nxc3 10. dxc3 Qe7 11. Nd2 Qc7 12. Ne4 Be7 13. Qg4 g6 14. Qf4 Qxf4 15.
Bxf4 e5 16. Bh6 Bg4 17. Nd6+ Bxd6 18. Rxd6 Ke7 19. Rd5 b6 20. h3 Be6 21. Rd2
Rac8 22. Rad1 f6 23. Rd6 Na5 24. b3 Rhd8 25. Rxd8 Rxd8 26. Rxd8 Kxd8 27. c4 Kd7
28. c3 Bf5 29. Bd2 Be6 30. Be4 Nc6 31. Kg2 Ne7 32. g4 Kd6 33. Bf3 Bd7 34. Bh6
Bc6 35. Bg7 Bxf3+ 36. Kxf3 Ke6 37. Bf8 Nc6 38. Bh6 f5 39. Bd2 Nd8 40. Kg3 Nf7
41. f3 Nd6 42. Bc1 e4 43. Kf4 exf3 44. Kxf3 Ne4 45. Bb2 g5 46. gxf5+ Kxf5 47. b4
h5 48. bxc5 Nxc5 49. Bc1 g4+ 50. hxg4+ hxg4+ 51. Ke3 Ne4 52. Kd4 g3 53. Be3 g2
54. Kd3 Ng3 55. Bf2 Nh5 56. Ke2 Ke4 57. Bd4 Nf4+ 58. Kf2 g1=Q+ 59. Kxg1 Ne2+ 60.
Kf2 Nxd4 61. cxd4 Kxd4 62. Ke2 Kc3 63. Kd1 Kb2 64. a4 a5 65. Kd2 Kb3 66. Kd3
Kxa4 67. Kc3 Ka3 68. c5 bxc5 69. Kc4 a4 70. Kc3 c4 71. Kxc4 Kb2 72. Kb4 a3 73.
Kc4 a2 74. Kd3 a1=Q 75. Ke2 Qa3 76. Kd1 Qh3 77. Ke1 Kc2 78. Kf2 Qd3 79. Kg1 Qf5
80. Kg2 Kd2 0-1

[Event "Titled Tue 17th Jun Early"]
[Site "chess.com INT"]
[Date "2025.06.17"]
[Round "6"]
[White "Osiecki, Stanislaw"]
[Black "Herman, Daniel"]
[Result "0-1"]
[WhiteTitle "FM"]
[WhiteElo "1944"]
[BlackElo "1920"]
[WhiteFideId "1102990"]
[BlackFideId "30935008"]
[EventDate "2025.06.17"]

1. e4 Nf6 2. Nc3 d5 3. e5 Nfd7 4. Nxd5 Nxe5 5. Ne3 Nbc6 6. Nf3 Nxf3+ 7. Qxf3 g6
8. c3 Bg7 9. d4 e5 10. d5 Ne7 11. c4 O-O 12. Be2 f5 13. O-O e4 14. Qf4 h6 15. h4
Kh7 16. Nc2 Ng8 17. f3 exf3 18. Bxf3 Bd7 19. Bd2 Bf6 20. g3 g5 21. hxg5 hxg5 22.
Qe3 Re8 23. Qd3 Kg7 24. Bc3 Bxc3 25. Qxc3+ Qf6 26. Qxf6+ Nxf6 27. Rae1 a5 28.
Nd4 Kg6 29. b3 a4 30. b4 a3 31. c5 Rxe1 32. Rxe1 Ra4 33. Rb1 Ne4 34. Bxe4 fxe4
35. Kf2 Kf6 36. Ke3 Ke5 37. c6 bxc6 38. dxc6 Bc8 39. Nb5 Ra6 40. Nd4 Be6 41.
Nxe6 Kxe6 42. b5 Ra4 43. b6 cxb6 44. Rxb6 Rc4 45. Ra6 Kd5 46. Ra5+ Kxc6 47. Rxg5
Rc2 48. Kxe4 Rxa2 49. Ra5 Kb6 50. Ra8 Kb7 51. Ra4 Ra1 52. Kf4 Kb6 53. Kg4 Kb5
54. Ra8 Kb4 55. Ra7 Kb3 56. Rb7+ Ka2 57. Ra7 Rb1 58. Rxa3+ Kxa3 59. Kg5 Kb4 60.
g4 Kc5 61. Kf6 Kd6 62. g5 Rf1+ 63. Kg7 Ke7 64. g6 Rh1 65. Kg8 Kf6 66. g7 Rg1 67.
Kh8 Rh1+ 68. Kg8 Kg6 69. Kf8 Rf1+ 70. Kg8 Ra1 71. Kh8 Rh1+ 72. Kg8 Rh7 73. Kf8
Rxg7 74. Ke8 Rf7 75. Kd8 Kf6 76. Kc8 Ke6 77. Kb8 Rd7 78. Ka8 Kd6 79. Kb8 Kc6 80.
Kc8 Rd6 81. Kb8 Re6 82. Ka7 Kb5 83. Kb7 Rc6 84. Ka7 Rb6 85. Ka8 Kc6 86. Ka7 Kc7 0-1

[Event "Titled Tue 17th Jun Early"]
[Site "chess.com INT"]
[Date "2025.06.17"]
[Round "6"]
[White "Chassard, Cedric"]
[Black "Shymanskyi, Oleksandr"]
[Result "1/2-1/2"]
[WhiteTitle "FM"]
[BlackTitle "FM"]
[WhiteElo "2250"]
[BlackElo "2218"]
[WhiteFideId "16243536"]
[BlackFideId "14168880"]
[EventDate "2025.06.17"]

1. a3 e5 2. c4 Nf6 3. d3 d5 4. cxd5 Nxd5 5. Nf3 Nc6 6. Nc3 Be7 7. e4 Nxc3 8.
bxc3 O-O 9. Be2 Be6 10. Be3 Qd7 11. O-O Rfd8 12. d4 exd4 13. cxd4 Bg4 14. d5
Bxf3 15. dxc6 Qxd1 16. Bxd1 Bxe4 17. cxb7 Bxb7 18. Bb3 Bd5 19. Bxd5 Rxd5 20.
Rfd1 Rxd1+ 21. Rxd1 Bxa3 22. Ra1 Bb4 23. Ra6 c5 24. g3 c4 25. Kf1 c3 26. Ke2 h6
27. Kd3 Rd8+ 28. Kc2 Rd7 29. Rxa7 Rd5 30. Rb7 Ba5 31. Rb8+ Kh7 32. Rc8 Rb5 33.
Bc1 Bb6 34. f3 Bd4 35. Rc4 Bf6 36. Re4 Ra5 37. Kb3 Ra1 38. Re1 Rb1+ 39. Kc2 Ra1
40. Kb3 Ra8 41. h4 Rd8 42. Kc2 Ra8 43. Kb3 Rb8+ 44. Kc2 Rb4 45. h5 Rd4 46. g4
Rc4 47. Re3 Ra4 48. Kb3 Ra1 49. Kc2 Ra2+ 50. Kb3 Rh2 51. Rd3 Rh3 52. Ba3 Rh1 53.
Kc2 Rh2+ 54. Kb3 c2 55. Re3 Bg5 56. Re1 Rf2 57. Bb2 c1=Q 58. Bxc1 Rxf3+ 59. Kc2
Rf2+ 60. Kd3 Bxc1 61. Rxc1 Rg2 62. Rc4 g6 63. hxg6+ Kxg6 64. Ke3 Rg1 65. Kf3 Ra1
66. Rc6+ f6 67. Rc8 Ra3+ 68. Kf4 Ra4+ 69. Kg3 Kh7 70. Kh4 Ra7 71. Kh5 Rg7 72.
Rc6 Rg5+ 73. Kh4 f5 74. Rc7+ Kg8 75. gxf5 Rxf5 76. Kg4 Rg5+ 77. Kf4 Rg7 78. Rc6
Kh7 79. Rc8 h5 80. Rc5 Kh6 81. Rc1 h4 82. Rh1 Kh5 83. Ra1 Rg4+ 84. Kf3 Rg3+ 85.
Kf2 Rb3 86. Ra8 Kg4 87. Ra1 Rb2+ 88. Kg1 Rb3 89. Kh1 Kh3 90. Rg1 Rb2 91. Rg2
Rb1+ 92. Rg1 Rb3 93. Ra1 Rf3 94. Rb1 Kg3 95. Rg1+ Kh3 96. Ra1 Kg4 97. Ra4+ Kg3
98. Ra1 h3 99. Rg1+ Kh4 100. Kh2 Rf2+ 101. Kh1 Ra2 102. Rb1 Ra3 103. Rb4+ Kg3
104. Rb1 h2 105. Rc1 Kh3 106. Rb1 Rg3 107. Rb3 Rxb3 1/2-1/2

[Event "Titled Tue 17th Jun Early"]
[Site "chess.com INT"]
[Date "2025.06.17"]
[Round "6"]
[White "Harsha, Bharathakoti"]
[Black "Maximov, Dmitry"]
[Result "1-0"]
[WhiteTitle "GM"]
[BlackTitle "GM"]
[WhiteElo "2527"]
[BlackElo "2476"]
[WhiteFideId "5078776"]
[BlackFideId "14105659"]
[EventDate "2025.06.17"]

1. c4 Nf6 2. Nc3 g6 3. e4 d6 4. d4 Bg7 5. Be2 O-O 6. Bg5 c5 7. d5 h6 8. Bd2 e6
9. Qc1 exd5 10. exd5 h5 11. Nf3 Re8 12. O-O a6 13. Re1 Nbd7 14. Bf4 Qb6 15. a4
Nf8 16. a5 Qc7 17. Na4 Bf5 18. Nb6 Rad8 19. Nh4 Bg4 20. Bd3 Rxe1+ 21. Qxe1 Re8
22. Qd2 N6d7 23. h3 Qd8 24. hxg4 Qxh4 25. gxh5 Nxb6 26. axb6 Bxb2 27. g3 Qf6 28.
Rb1 Bc3 29. Qd1 Bd4 30. Qg4 a5 31. Bc2 Kg7 32. Kg2 Nh7 33. hxg6 fxg6 34. Rh1 Re7
35. Rh6 Nf8 36. Rh1 Bxf2 37. Bg5 Qd4 38. Qxd4+ Bxd4 39. Bxe7 Nd7 40. Rb1 Ne5 41.
Bxd6 Nxc4 42. Bf4 Na3 43. Rc1 Bb2 44. Ba4 Bxc1 45. Bxc1 Nc4 46. Kf3 Nxb6 47. Bb3
c4 48. Ba2 Nxd5 49. Bxc4 Ne7 50. Bb2+ Kh6 51. Kf4 Nc6 52. Bd5 Nb4 53. Be4 a4 54.
Ba3 Na6 55. Bd3 Nc7 56. Ke5 b5 57. Kd6 Ne8+ 58. Ke7 Ng7 59. g4 Kg5 60. Kf7 Kxg4
61. Kxg7 g5 62. Bxb5 Kf4 63. Kf6 g4 64. Bd6+ Kf3 65. Bc6+ Kf2 66. Bc5+ Ke2 67.
Kg5 g3 68. Kg4 a3 69. Bxa3 Kf2 70. Bc5+ Ke2 71. Kxg3 Kd3 72. Kf3 Kc4 73. Be3 Kd3
74. Bd5 Kc3 75. Ke2 Kc2 76. Bd4 Kc1 77. Kd3 Kb1 78. Kc3 Kc1 79. Bf3 Kb1 80. Be3
Ka2 81. Bc5 Kb1 82. Kb3 Kc1 83. Be3+ Kb1 84. Be4+ Ka1 85. Bd4# 1-0

[Event "Titled Tue 17th Jun Early"]
[Site "chess.com INT"]
[Date "2025.06.17"]
[Round "6"]
[White "Balavignan, Ashvin"]
[Black "Berikkyzy Alanna"]
[Result "1-0"]
[WhiteTitle "CM"]
[BlackTitle "WFM"]
[WhiteElo "2023"]
[BlackElo "2080"]
[WhiteFideId "3261425"]
[BlackFideId "13780719"]
[EventDate "2025.06.17"]

1. d4 g6 2. c4 Bg7 3. Nc3 d6 4. Nf3 Nf6 5. e4 Nbd7 6. h3 e5 7. d5 O-O 8. g4 h5
9. Qc2 c6 10. Be2 hxg4 11. hxg4 Nxg4 12. Bg5 f6 13. Bd2 Nb6 14. O-O-O Nxf2 15.
c5 Nxd1 16. Rxd1 dxc5 17. dxc6 bxc6 18. Qb3+ Rf7 19. Be3 Qe7 20. Rg1 Be6 21. Qc2
g5 22. Nb1 c4 23. Nfd2 Rb8 24. Bh5 Rff8 25. Nc3 Qb4 26. a3 Qe7 27. Qd1 Bf7 28.
Bg4 Bg6 29. Bf5 Bxf5 30. exf5 Qd7 31. Qh5 Qxf5 32. Nde4 Nd5 33. Bc5 Nxc3 34.
Nxc3 Rf7 35. Qe2 Qe6 36. Ne4 c3 37. Nxc3 Qf5 38. Rf1 Qg6 39. Ne4 Rd8 40. Nd6
Rfd7 41. Nf5 g4 42. Ne3 Rf7 43. Nf5 Qg5+ 44. Kb1 Rd2 45. Qc4 Rd5 46. Ka2 g3 47.
Ne7+ Rxe7 48. Bxe7 g2 49. Rg1 Bh6 50. Qxc6 Rd2 51. Bb4 Rf2 52. Qd5+ Kh7 53. Qd7+
Kg6 54. Qd3+ Kg7 55. Qd7+ Kg8 56. Qe8+ Kh7 57. Qf7+ Qg7 58. Qh5 Rf1 59. Bc5 Rxg1
60. Bxg1 Qg8+ 61. b3 Qg6 62. Qe2 e4 63. Qa6 f5 64. Qxa7+ Bg7 65. Qe3 Qg4 66. a4
Qf3 67. a5 Qxe3 68. Bxe3 f4 69. Bg1 e3 70. a6 e2 71. a7 e1=Q 72. a8=Q Qxg1 73.
Qe4+ Kh8 74. Qe8+ Kh7 75. Qh5+ 1-0